000 00844nam a2200301Ia 4500
003 OSt
005 20221006160233.0
006 a|||||r|||| 00| 0
007 ta
008 221006b |||||||| |||| 00| 0 chi d
020 _a9781560729907
_c
_105.00
024 _a44,707
037 _cAnnuals, Advances
040 _aEASL
_cEASL
_bchi
041 _2chi
_achi
082 _aV495.P00, Q2
100 _aJoo Seung-Ho
_9672581
245 0 _aKorea in the 21st century
260 _aNew York
_bNova Science Publishers
_c2001
300 _a256p.
_ccm.
490 _v KEL
650 _a KEL
650 _a South Korea relations
_9672582
650 _aForeign relations
_932171
700 _a Kwak Tae-Hwan
_9672583
942 _hV495.P00, Q2
_cREF
_2CC
999 _c1112799
_d1112799